Networked publics (Record no. 35925)
[ view plain ]
| 000 -LEADER | |
|---|---|
| fixed length control field | 01700nam a2200361Ia 4500 |
| 082 04 - DEWEY DECIMAL CLASSIFICATION NUMBER | |
| Classification number | 303.48/330973 |
| 245 00 - TITLE STATEMENT | |
| Title | Networked publics |
| 260 ## - PUBLICATION, DISTRIBUTION, ETC. (IMPRINT) | |
| Place of publication | Cambridge, MA : |
| Name of publisher | MIT Press, |
| Year of publication | c2008. |
| 300 ## - PHYSICAL DESCRIPTION | |
| Number of Pages | x, 176 p. |
| 500 ## - GENERAL NOTE | |
| General note | Product of a fellowship program at the Annenberg Center for Communication at the University of Southern California, 2005-2006. |
| 650 #0 - SUBJECT ADDED ENTRY--TOPICAL TERM | |
| Topical Term | Internet |
| Topical Term | Internet |
| Topical Term | Online social networks |
| Topical Term | Convergence (Telecommunication) |
| 700 1# - ADDED ENTRY--PERSONAL NAME | |
| Personal name | Varnelis, Kazys. |
| 856 40 - ELECTRONIC LOCATION AND ACCESS | |
| Uniform Resource Identifier | http://site.ebrary.com/lib/rucke/Doc?id=10251680 |
No items available.
